Flaggen der Länder an der Fußball-WM 2030 - Statistiken

Allgemein
  • Dieses Quiz wurde 145 mal gespielt
  • Das Durchschnittsergebnis liegt bei 6 aus 6
Antwortstatistiken
Bildquiz Antwort % Korrekt
Argentinien
100%
Portugal
98%
Spanien
98%
Uruguay
98%
Marokko
96%
Paraguay
85%
Keine übereinstimmenden Quizze gefunden
Verteilung der Resultate
Anzahl Personen mit jedem Resultat
Perzentil nach korrekt beantworteten Fragen
Ihre Resultats-Entwicklung
Sie haben dieses Quiz noch nicht gespielt